00890 a2200265 4500003000500000005001700005010001700022020001500039035002300054040000900077082001300086100001900099245009500118246005500213250001200268260003600280300003500316440004500351650005000396650002300446700002600469942000800495999001900503952010200522Nust20170207152500.0 a 2004298455 a1580533353 a(OCoLC)ocm54783068 cNust00a621.38221 aHall, David L.10aMathematical techniques in multi-sensor data fusion /cDavid L. Hall, Sonya A.H. McMullen.3 aMathematical techniques in multisensor data fusion a2nd ed. aBoston :bArtech House,cc2004. axiii, 449 p. :bill. ;c24 cm. 0aArtech House information warfare library 0aMultisensor data fusionxMathematical models. 0aSignal processing.1 aMcMullen, Sonya A. H. cREF c175244d175244 00102ddc40708NFICaMCSbMCSd2016-12-12l0o621.3822 HALpMCS510r2016-12-08w2016-12-12yBK